• 首页
  • 本馆介绍
  • 公告通知
  • 最新文献
  • 馆藏检索
  • 电子资源
  • 读者导购
  • 参考咨询
  • 我的图书馆
  • 登录
  • 详细信息显示
  • 放入我的书架
  • 预约/预借图书
  • 作者相关作品
  • 分类相关作品
  • 丛书相关作品
  • 出版社相关作品

书目信息

  • 表格格式
  • 工作单格式
  • 卡片格式
题名:
复杂氧化铜矿碱性浸矿菌种的选育及其浸矿机理
    
 
作者: 胡凯建 著
分册:  
出版信息: 北京   冶金工业出版社  2020.12
页数: 130页
开本: 24cm
丛书名: 江西理工大学优秀博士论文文库
单 册:
中图分类: TD952 , TD853.37
科图分类:
主题词: 氧化铜--有色金属矿石--碱浸--细菌浸出--研究
电子资源:
ISBN: 978-7-5024-8603-7
000 01173nam0 2200265 45
001 012001002096
005 20140913104202.0
010    @a978-7-5024-8603-7@dCNY79.00
100    @a20210330d2020 kemy0chiy50 ea
101 0  @achi
102    @aCN@b110000
105    @aa v 000yy
106    @ar
200 1  @a复杂氧化铜矿碱性浸矿菌种的选育及其浸矿机理@Afu za yang hua tong kuang jian xing jin kuang jun zhong de xuan yu ji qi jin kuang ji li@b专著@f胡凯建著
210    @a北京@c冶金工业出版社@d2020.12
215    @a130页@c图@d24cm
225 1  @a江西理工大学优秀博士论文文库
330    @a本书深入研究了复杂氧化铜矿碱性浸矿菌种的选育及浸出的有关规律,介绍了异养型碱性浸矿菌种的选育过程,分析了碱性产氨细菌浸铜的影响因素并对其进行优化,探讨了碱性浸矿菌种浸出复杂氧化铜矿的浸出行为机理,揭示了碱性细菌浸铜固液作用过程及动力学机理,提出了复杂氧化铜矿碱性细菌浸出新工艺,为复杂氧化铜矿的高效处理提供了新思路。
461  0 @12001 @a江西理工大学优秀博士论文文库
606 0  @a氧化铜@x有色金属矿石@x碱浸@x细菌浸出@x研究
690    @aTD952@v5
690    @aTD853.37@v5
701  0 @a胡凯建@Ahu kai jian@4著
801  0 @aCN@bBJSDL@c20211011
905    @b1338423-6@dTD952@e53@f4
    
    复杂氧化铜矿碱性浸矿菌种的选育及其浸矿机理/胡凯建著.-北京:冶金工业出版社,2020.12
    130页:图;24cm.-(江西理工大学优秀博士论文文库)
    
    
    ISBN 978-7-5024-8603-7:CNY79.00
    本书深入研究了复杂氧化铜矿碱性浸矿菌种的选育及浸出的有关规律,介绍了异养型碱性浸矿菌种的选育过程,分析了碱性产氨细菌浸铜的影响因素并对其进行优化,探讨了碱性浸矿菌种浸出复杂氧化铜矿的浸出行为机理,揭示了碱性细菌浸铜固液作用过程及动力学机理,提出了复杂氧化铜矿碱性细菌浸出新工艺,为复杂氧化铜矿的高效处理提供了新思路。
●
相关链接 在E读中查询图书 在五车中查询图书 在当当中查询图书 在豆瓣中查询图书


正题名:复杂氧化铜矿碱性浸矿菌种的选育及其浸矿机理     索取号:TD952/53         预约/预借

序号 登录号 条形码 馆藏地/架位号 状态 备注
1 1338423   213384238   第二样本阅览室/ [索取号:TD952/53] 在馆    
2 1338424   213384247   第三借阅区/ [索取号:TD952/53] 在馆    
3 1338425   213384256   第三借阅区/ [索取号:TD952/53] 在馆    
4 1338426   213384265   第三借阅区/ [索取号:TD952/53] 在馆    
唐山师范学院图书馆 欢迎您!
大连网信软件有限公司© 版权所有